<?xml version="1.0" encoding="UTF-8"?>
<record
    xmlns:xsi="http://www.w3.org/2001/XMLSchema-instance"
    xsi:schemaLocation="http://www.loc.gov/MARC21/slim http://www.loc.gov/standards/marcxml/schema/MARC21slim.xsd"
    xmlns="http://www.loc.gov/MARC21/slim">

  <leader>02322nam a2200313 a 4500</leader>
  <controlfield tag="001">000046767</controlfield>
  <controlfield tag="005">20250217092805.0</controlfield>
  <controlfield tag="008">180322s2016    dr            000 0 spa d</controlfield>
  <datafield tag="020" ind1=" " ind2=" ">
    <subfield code="a">9789945903935</subfield>
  </datafield>
  <datafield tag="040" ind1=" " ind2=" ">
    <subfield code="a">DO-SdBNP</subfield>
    <subfield code="b">spa</subfield>
    <subfield code="c">BNPHU</subfield>
  </datafield>
  <datafield tag="082" ind1=" " ind2=" ">
    <subfield code="a">270.82</subfield>
    <subfield code="b">J91s, 2016</subfield>
  </datafield>
  <datafield tag="100" ind1="1" ind2=" ">
    <subfield code="a">Juanes, Benigno</subfield>
    <subfield code="d">1916-2009</subfield>
    <subfield code="9">442</subfield>
  </datafield>
  <datafield tag="245" ind1="1" ind2="0">
    <subfield code="a">Servidores y equipo responsable en los grupos de oraci&#xF3;n /</subfield>
    <subfield code="c">P. Benigno Juanes, S.J. ; presentaci&#xF3;n Juan F. Pep&#xE9;n.</subfield>
  </datafield>
  <datafield tag="250" ind1=" " ind2=" ">
    <subfield code="a">5a ed.</subfield>
  </datafield>
  <datafield tag="260" ind1=" " ind2=" ">
    <subfield code="a">Santo Domingo :</subfield>
    <subfield code="b">Amigo del Hogar,</subfield>
    <subfield code="c">2016.</subfield>
  </datafield>
  <datafield tag="300" ind1=" " ind2=" ">
    <subfield code="a">254 p. :</subfield>
    <subfield code="b">22 cm.</subfield>
  </datafield>
  <datafield tag="490" ind1="1" ind2=" ">
    <subfield code="a">Torrentes</subfield>
    <subfield code="v">4</subfield>
  </datafield>
  <datafield tag="500" ind1=" " ind2=" ">
    <subfield code="a">Gu&#xED;a para la renovaci&#xF3;n carism&#xE1;tica cat&#xF3;lica</subfield>
  </datafield>
  <datafield tag="500" ind1=" " ind2=" ">
    <subfield code="a">Incluye referencias bibliogr&#xE1;ficas y notas al pie de las p&#xE1;ginas.</subfield>
  </datafield>
  <datafield tag="505" ind1="0" ind2=" ">
    <subfield code="a">Para construir una autentica reuni&#xF3;n de oraci&#xF3;n : orientaciones generales --</subfield>
    <subfield code="t">Para construir una autentica reuni&#xF3;n de adoraci&#xF3;n : actuaci&#xF3;n general del servidor --</subfield>
    <subfield code="t">Para construir una autentica reuni&#xF3;n de oraci&#xF3;n : puntos fundamentales --</subfield>
    <subfield code="t">Para construir una autentica reuni&#xF3;n de oraci&#xF3;n --</subfield>
    <subfield code="t">Sugerencias a los servidores respecto de s&#xED; mismo --</subfield>
    <subfield code="t">Sugerencias a los servidores respecto de los grupos de oraci&#xF3;n --</subfield>
    <subfield code="t">Sugerencias a los servidores respecto a los p&#xE1;rrocos: La p&#xE1;rroqu&#xED;a y su inserci&#xF3;n en ella --</subfield>
    <subfield code="t">El equipo de servidores en el grupo de oraci&#xF3;n --</subfield>
    <subfield code="t">La misi&#xF3;n del equipo de servidores del grupo de oraci&#xF3;n --</subfield>
    <subfield code="t">Sugerencias al responsable frente a los dem&#xE1;s servidores del grupo de oraci&#xF3;n --</subfield>
    <subfield code="t">Dificultades y problemas en los grupos de oraci&#xF3;n y la actuaci&#xF3;n del servidor --</subfield>
    <subfield code="t">La reuni&#xF3;n fuerte y la reuni&#xF3;n d&#xE9;bil en los grupos de oraci&#xF3;n : actuaci&#xF3;n del servidor --</subfield>
    <subfield code="t">Como discernir el estado del grupo de oraci&#xF3;n en orden a revitalizarlo --</subfield>
    <subfield code="t">Revitalizaci&#xF3;n de los grupos de oraci&#xF3;n : evaluaci&#xF3;n de los servidores --</subfield>
    <subfield code="t">Revitalizaci&#xF3;n de los grupos de oraci&#xF3;n --</subfield>
    <subfield code="t">Evaluaci&#xF3;n de los grupos de oraci&#xF3;n --</subfield>
    <subfield code="t">Los problemas entre responsables --</subfield>
  </datafield>
  <datafield tag="590" ind1=" " ind2=" ">
    <subfield code="a">Inventariado, 2018 /LP</subfield>
  </datafield>
  <datafield tag="650" ind1=" " ind2="4">
    <subfield code="a">Movimiento carism&#xE1;tico</subfield>
    <subfield code="9">666</subfield>
  </datafield>
  <datafield tag="650" ind1=" " ind2="4">
    <subfield code="a">Renovaci&#xF3;n carism&#xE1;tica</subfield>
    <subfield code="9">667</subfield>
  </datafield>
  <datafield tag="650" ind1=" " ind2="0">
    <subfield code="a">Vida cristiana</subfield>
    <subfield code="9">668</subfield>
  </datafield>
  <datafield tag="650" ind1=" " ind2="4">
    <subfield code="a">Grupos de oraci&#xF3;n</subfield>
    <subfield code="x">Bautistas, iglesia cat&#xF3;lica, etc.</subfield>
    <subfield code="9">669</subfield>
  </datafield>
  <datafield tag="700" ind1="1" ind2=" ">
    <subfield code="a">Pep&#xE9;n, Juan F.  </subfield>
    <subfield code="q"> (Juan Felix)</subfield>
    <subfield code="e">present.</subfield>
    <subfield code="9">13174</subfield>
  </datafield>
  <datafield tag="830" ind1=" " ind2="0">
    <subfield code="a">Torrentes ;</subfield>
    <subfield code="n">4</subfield>
    <subfield code="9">34333</subfield>
  </datafield>
  <datafield tag="910" ind1=" " ind2=" ">
    <subfield code="a">Validado. Control de calidad MFF</subfield>
  </datafield>
  <datafield tag="952" ind1=" " ind2=" ">
    <subfield code="0">0</subfield>
    <subfield code="1">0</subfield>
    <subfield code="5">4</subfield>
    <subfield code="7">0</subfield>
    <subfield code="8">DS</subfield>
    <subfield code="a">GR</subfield>
    <subfield code="b">GR</subfield>
    <subfield code="c">HD</subfield>
    <subfield code="d">2018-03-22</subfield>
    <subfield code="i">LF1</subfield>
    <subfield code="l">0</subfield>
    <subfield code="o">270.82 J91s, 2016</subfield>
    <subfield code="p">46767-30</subfield>
    <subfield code="r">2020-06-25</subfield>
    <subfield code="t">e. 3</subfield>
    <subfield code="w">2020-06-25</subfield>
    <subfield code="y">LFDS</subfield>
    <subfield code="Z">Pr&#xE9;stamo en sala</subfield>
  </datafield>
  <datafield tag="952" ind1=" " ind2=" ">
    <subfield code="0">0</subfield>
    <subfield code="1">0</subfield>
    <subfield code="7">1</subfield>
    <subfield code="8">PD</subfield>
    <subfield code="a">PD</subfield>
    <subfield code="b">PD</subfield>
    <subfield code="c">HD</subfield>
    <subfield code="d">2018-03-22</subfield>
    <subfield code="i">LF1</subfield>
    <subfield code="l">0</subfield>
    <subfield code="o">270.82 J91s, 2016</subfield>
    <subfield code="p">46767-10</subfield>
    <subfield code="r">2020-06-25</subfield>
    <subfield code="w">2020-06-25</subfield>
    <subfield code="y">LFPD</subfield>
    <subfield code="Z">No se presta</subfield>
  </datafield>
  <datafield tag="952" ind1=" " ind2=" ">
    <subfield code="0">0</subfield>
    <subfield code="1">0</subfield>
    <subfield code="7">1</subfield>
    <subfield code="8">PD</subfield>
    <subfield code="a">PD</subfield>
    <subfield code="b">PD</subfield>
    <subfield code="c">HD</subfield>
    <subfield code="d">2018-03-22</subfield>
    <subfield code="i">LF1</subfield>
    <subfield code="l">0</subfield>
    <subfield code="o">270.82 J91s, 2016</subfield>
    <subfield code="p">46767-20</subfield>
    <subfield code="r">2020-06-25</subfield>
    <subfield code="t">e. 2</subfield>
    <subfield code="w">2020-06-25</subfield>
    <subfield code="y">LFPD</subfield>
    <subfield code="Z">No se presta</subfield>
  </datafield>
  <datafield tag="999" ind1=" " ind2=" ">
    <subfield code="c">46256</subfield>
    <subfield code="d">46256</subfield>
  </datafield>
</record>
